000 00775na a2200253 4500
001 17292
003 MIRAKIL
005 20181213154830.0
008 161024b tu 000 0
020 _a9786058945326
040 _aMilas
_btur
_cTR-AnCHP
041 _atur
082 _a581.956514
_bG96 2010
090 _a581.956514 G96 2010
245 _aGürleyik flora ve faunası
_chazırlayan: Atila Ocak [ve öte...]
260 _aEskişehir
_bEskişehir Büyükşehir Belediyesi
_c2010
300 _a207 s.
_bfotg. ; tbl.
_c20 sm.
500 _aDış kapakta adı: Eskişehir'in saklı cenneti
504 _aKaynakça var.
650 _aHayvanlar
_zEskişehir (Türkiye)
650 _aBotanik
_zEskişehir (Türkiye)
700 _aOcak, Atila
942 _2dcc
_cBKS
999 _c1638
_d1638